Study guide Business a changing world
The book is designed to be a self-help tool enhance your understanding of the business world.
Đã lưu trong:
| 主要作者: | |
|---|---|
| 格式: | 圖書 |
| 語言: | Undetermined |
| 出版: |
New York
1996
|
| 主題: | |
| 標簽: |
添加標簽
沒有標簽, 成為第一個標記此記錄!
|
| Thư viện lưu trữ: | Trung tâm Học liệu Trường Đại học Cần Thơ |
|---|
| LEADER | 00632nam a2200193Ia 4500 | ||
|---|---|---|---|
| 001 | CTU_40745 | ||
| 008 | 210402s9999 xx 000 0 und d | ||
| 082 | |a 650 | ||
| 082 | |b F383/1996 | ||
| 100 | |a Geoffrey Hirt | ||
| 245 | 0 | |a Study guide | |
| 245 | 0 | |b Business a changing world | |
| 245 | 0 | |c Geoffrey Hirt, O C Ferrell | |
| 260 | |a New York | ||
| 260 | |c 1996 | ||
| 520 | |a The book is designed to be a self-help tool enhance your understanding of the business world. | ||
| 650 | |a business,management - united states | ||
| 904 | |i Nguyễn Quang Điền, 010328 | ||
| 980 | |a Trung tâm Học liệu Trường Đại học Cần Thơ | ||